01189nam a2200193Ia 4500001001100000003001000011008004100021040002500062041001300087100001400100245009800114250001100212260008600223300001100309500026200320501011400582520026200696650003700958L100-51504IT-CnALBA170116s9999||||xx |||||||||||||| ||und|| aIT-CnALBAcIT-CnALBA aITALIANO aMAJ MARIO 0aMODELLI OPERATIVI E IDENTITÀ DELLO PSICHIATRA. CONVEGNO NELLA CLINICA PSICHIATRICA NAPOLI.  a1a ed. aNAPOLIbGUIDA ALFREDO E C. EDITORIc1996 [1° Ed.:1996 - Ed.Ling.Originale: 1996] a76 p.  aCURATORE CATAPANO F. IDENTITÀ E RIPARAZIONE IN PSICHIATRIA. IL PUNTO SUGLI PSICHIATRICI, GALLI P. F. LO PSICHIATRA CLINICO. SMERALDI E. IL MODELLO RIABILITATIVO, BURTI L. PSICHIATRIA DELL'INTESOGGETTIVITA'. ANTROPOLOGIA TRASFORMAZIONALE, SCALA A. E L'ASSI aSocietà San Paolo EM - Piazza San Paolo, 14 - 12051 ALBA (CN) (non commercial uses only) ® Copyright 2017 aCURATORE CATAPANO F. IDENTITÀ E RIPARAZIONE IN PSICHIATRIA. IL PUNTO SUGLI PSICHIATRICI, GALLI P. F. LO PSICHIATRA CLINICO. SMERALDI E. IL MODELLO RIABILITATIVO, BURTI L. PSICHIATRIA DELL'INTESOGGETTIVITA'. ANTROPOLOGIA TRASFORMAZIONALE, SCALA A. E L'ASSI aFILOSOFIA E DISCIPLINE COLLEGATE